[Event "Foxwoods Open"]
[Site "Ledyard, CT"]
[Date "2009.04.12"]
[Round "8"]
[White "Bady, Glenn"]
[Black "Lucente, Mike"]
[Result "0-1"]
[WhiteElo "2233"]
[BlackElo "2010"]
[PlyCount "60"]
[EventDate "2009.04.??"]
[EventRounds "9"]
[EventCountry "USA"]
[Source "MonRoi"]

1. e4 c5 2. Nf3 e6 3. d4 cxd4 4. Nxd4 Qb6 5. Nc3 Bc5 6. Na4 Qa5+ 7. c3 Bxd4 8.
Qxd4 e5 9. Qc5 Qxc5 10. Nxc5 Nf6 11. f3 d5 12. Bg5 dxe4 13. Bxf6 gxf6 14. Nxe4
Ke7 15. O-O-O Nc6 16. Bd3 f5 17. Ng3 Kf6 18. Bb5 Ne7 19. Rd6+ Be6 20. Rhd1 h5
21. Bc4 h4 22. Nf1 f4 23. Nd2 Nf5 24. Bxe6 Nxd6 25. Bh3 Rad8 26. b3 Rhe8 27.
Re1 Kg5 28. Ne4+ Nxe4 29. fxe4 Rd3 30. Rd1 Red8 0-1

[Event "Foxwoods Open"]
[Site "Ledyard, CT"]
[Date "2009.04.12"]
[Round "8"]
[White "Ehlvest, Jaan"]
[Black "Smith, Bryan G"]
[Result "1-0"]
[WhiteElo "2649"]
[BlackElo "2549"]
[PlyCount "71"]
[EventDate "2009.04.??"]
[EventRounds "9"]
[EventCountry "USA"]
[Source "MonRoi"]

1. d4 Nf6 2. c4 e6 3. g3 d5 4. Nf3 dxc4 5. Bg2 Bb4+ 6. Bd2 a5 7. O-O O-O 8. Nc3
Nc6 9. Bg5 h6 10. Bxf6 Qxf6 11. Nb5 Bd6 12. Nd2 e5 13. d5 Nd4 14. Nxd6 cxd6 15.
e3 Nf5 16. Nxc4 b5 17. Nb6 Rb8 18. Nxc8 Rfxc8 19. Qd2 a4 20. Rfc1 Rc5 21. b4
axb3 22. axb3 b4 23. Rxc5 dxc5 24. Qc2 e4 25. Ra5 Nd6 26. Rxc5 Qe5 27. Qa2 Nb5
28. Qa6 Nc3 29. Rc8+ Rxc8 30. Qxc8+ Kh7 31. Qc4 f5 32. Qxb4 Nxd5 33. Qc5 g5 34.
Bf1 f4 35. b4 fxe3 36. fxe3 1-0

[Event "Foxwoods Open"]
[Site "Ledyard, CT"]
[Date "2009.04.12"]
[Round "8"]
[White "Ippolito, Dean"]
[Black "Perelshteyn, Eugene"]
[Result "1/2-1/2"]
[WhiteElo "2515"]
[BlackElo "2599"]
[PlyCount "83"]
[EventDate "2009.04.??"]
[EventRounds "9"]
[EventCountry "USA"]
[Source "MonRoi"]

1. d4 Nf6 2. c4 e6 3. Nc3 Bb4 4. Qc2 c5 5. dxc5 Bxc5 6. Bf4 a6 7. Nf3 b6 8. e4
Bb7 9. Bd3 Nc6 10. a3 Nh5 11. Bd2 Qc7 12. b4 Be7 13. Qc1 h6 14. O-O Rc8 15. Be3
g5 16. Na4 g4 17. Ne1 Ne5 18. Nxb6 Rb8 19. Bb1 Rg8 20. Kh1 f5 21. exf5 Nf3 22.
gxf3 gxf3 23. Rg1 Rxg1+ 24. Kxg1 Kf7 25. fxe6+ dxe6 26. Bh7 Qe5 27. Qc2 Bd6 28.
Qg6+ Ke7 29. Kf1 Qxh2 30. Bg5+ hxg5 31. Qxg5+ Nf6 32. Qg7+ Kd8 33. Qxf6+ Kc7
34. Qg7+ Kxb6 35. Qd4+ Kc7 36. Qg7+ Kb6 37. Qd4+ Kc7 38. Qg7+ Kd8 39. Qg8+ Kd7
40. Qf7+ Kc8 41. Qg8+ Kc7 42. Qg7+ 1/2-1/2

[Event "Foxwoods Open"]
[Site "Ledyard, CT"]
[Date "2009.04.12"]
[Round "8"]
[White "Iwu, Okechukwu"]
[Black "Sobo, Henry C"]
[Result "1-0"]
[WhiteElo "2203"]
[BlackElo "2033"]
[PlyCount "72"]
[EventDate "2009.04.??"]
[EventRounds "9"]
[EventCountry "USA"]
[Source "MonRoi"]

1. Nf3 e6 2. c4 Nf6 3. g3 b6 4. Bg2 Bb7 5. O-O Be7 6. b3 O-O 7. Bb2 c5 8. Nc3
Ne4 9. Qc2 Nxc3 10. Bxc3 d6 11. Ng5 Bxg5 12. Bxb7 Nd7 13. Bxa8 Qxa8 14. d4 f5
15. Rad1 f4 16. dxc5 fxg3 17. hxg3 Nxc5 18. f3 Qe8 19. Kg2 h5 20. Rh1 e5 21.
Rxd6 e4 22. Qd1 exf3+ 23. exf3 Qe3 24. Bd4 Qe7 25. Bxc5 bxc5 26. Qd5+ Rf7 27.
Re6 Qd8 28. Qxd8+ Bxd8 29. Re8+ Rf8 30. Rxf8+ Kxf8 31. Rxh5 Be7 32. Rh8+ Kf7
33. Ra8 Ke6 34. Rxa7 Bf6 35. Ra6+ Ke5 36. Rxf6 gxf6 1-0

[Event "Foxwoods Open"]
[Site "Ledyard, CT"]
[Date "2009.04.12"]
[Round "8"]
[White "Pamatmat, Jarod"]
[Black "Lowinger, Daniel"]
[Result "1-0"]
[WhiteElo "2165"]
[BlackElo "2222"]
[PlyCount "97"]
[EventDate "2009.04.??"]
[EventRounds "9"]
[EventCountry "USA"]
[Source "MonRoi"]

1. d4 d5 2. c4 e6 3. Nf3 Nf6 4. e3 Be7 5. b3 dxc4 6. bxc4 c5 7. Bb2 cxd4 8.
exd4 Bb4+ 9. Nbd2 Ne4 10. Qc2 Nxd2 11. Nxd2 Nc6 12. O-O-O Nxd4 13. Bxd4 Qxd4
14. Qa4+ Bd7 15. Qxb4 O-O-O 16. Nb3 Qxf2 17. Qc5+ Qxc5 18. Nxc5 Bc6 19. Be2 b6
20. Nb3 Bxg2 21. Rhg1 Be4 22. Rxg7 Bg6 23. h4 h5 24. Nd4 Rhe8 25. Nf3 e5 26.
Ng5 Rxd1+ 27. Kxd1 Re7 28. Kd2 Kb7 29. Ke3 Kc6 30. Bf3+ Kc5 31. Bd5 Kb4 32.
Nxf7 Bb1 33. Rg2 Ka3 34. Nd6 Bxa2 35. Nb5+ Kb3 36. c5+ Kb4 37. Rxa2 Kxb5 38. c6
Kc5 39. Bf3 Kd6 40. Rc2 a5 41. Bxh5 b5 42. Bf3 Rc7 43. Be4 b4 44. h5 a4 45. Rc4
Ra7 46. c7 Rxc7 47. Rxc7 Kxc7 48. h6 a3 49. Bd5 1-0

[Event "Foxwoods Open"]
[Site "Ledyard, CT"]
[Date "2009.04.12"]
[Round "8"]
[White "Sadvakasov, Darmen"]
[Black "Hess, Robert"]
[Result "1-0"]
[WhiteElo "2611"]
[BlackElo "2545"]
[PlyCount "99"]
[EventDate "2009.04.??"]
[EventRounds "9"]
[EventCountry "USA"]
[Source "MonRoi"]

1. e4 e5 2. Nf3 Nc6 3. Bb5 a6 4. Ba4 d6 5. c3 Bd7 6. d4 Nge7 7. Bb3 h6 8. a4
Ng8 9. Nbd2 Nf6 10. O-O Be7 11. Re1 Bg4 12. h3 Bh5 13. d5 Nb8 14. Nf1 c6 15.
Ng3 Bg6 16. Nh4 Bh7 17. Nhf5 O-O 18. a5 Qd7 19. Bc2 Bd8 20. c4 b5 21. axb6 Bxb6
22. Qf3 Qd8 23. Bd2 cxd5 24. cxd5 Nbd7 25. Ba4 Nc5 26. Bc6 Ra7 27. b4 Ne6 28.
dxe6 fxe6 29. Qb3 d5 30. Ne3 Nxe4 31. Nxe4 Bxe4 32. Ng4 h5 33. Rxe4 dxe4 34.
Qxe6+ Raf7 35. Nxe5 Qxd2 36. Be8 Qxf2+ 37. Kh1 Bd4 38. Bxf7+ Rxf7 39. Nxf7 Qxf7
40. Qxf7+ Kxf7 41. Rxa6 e3 42. Ra2 Ke6 43. g3 Kd5 44. Kg2 Kc4 45. Kf3 Kxb4 46.
Ra6 Kc4 47. Ke2 Be5 48. Rg6 Kd4 49. Rg5 Ke4 50. h4 1-0

[Event "Foxwoods Open"]
[Site "Ledyard, CT"]
[Date "2009.04.12"]
[Round "8"]
[White "Sammour Hasbun, Jorge E"]
[Black "Lee, Michael"]
[Result "1-0"]
[WhiteElo "2611"]
[BlackElo "2385"]
[PlyCount "87"]
[EventDate "2009.04.??"]
[EventRounds "9"]
[EventCountry "USA"]
[Source "MonRoi"]

1. d4 Nf6 2. c4 g6 3. Nc3 Bg7 4. e4 d6 5. f3 O-O 6. Be3 c5 7. Nge2 Nc6 8. Qd2
a6 9. O-O-O cxd4 10. Nxd4 Bd7 11. Nxc6 Bxc6 12. h4 Qa5 13. Kb1 Rfc8 14. Bg5 b5
15. h5 bxc4 16. hxg6 hxg6 17. Bh6 Bh8 18. Bxc4 Ba4 19. Nxa4 Qxa4 20. Bb3 Qb5
21. Bf8 Rxf8 22. Rxh8+ Kxh8 23. Qh6+ Nh7 24. Rh1 Qh5 25. Rxh5 gxh5 26. e5 dxe5
27. Qxh5 e6 28. Qxe5+ f6 29. Qxe6 Rfe8 30. Qg4 Re1+ 31. Kc2 Re5 32. Bc4 Rg5 33.
Qh3 a5 34. a4 Rd8 35. f4 Rg7 36. b3 Rgd7 37. Qc3 Kg7 38. Qxa5 Nf8 39. Qc3 Ng6
40. g3 Ne7 41. g4 Ng6 42. g5 Rd6 43. gxf6+ Rxf6 44. f5 1-0

[Event "Foxwoods Open"]
[Site "Ledyard, CT"]
[Date "2009.04.12"]
[Round "8"]
[White "Shvartsman, Andrew"]
[Black "Zierk, Steven"]
[Result "0-1"]
[WhiteElo "2145"]
[BlackElo "2311"]
[PlyCount "58"]
[EventDate "2009.04.??"]
[EventRounds "9"]
[EventCountry "USA"]
[Source "MonRoi"]

1. e4 e6 2. d4 d5 3. Nc3 Bb4 4. e5 c5 5. a3 Bxc3+ 6. bxc3 Qa5 7. Bd2 Qa4 8. Nf3
Nc6 9. Be3 f6 10. Bd3 Bd7 11. O-O Nge7 12. Re1 O-O-O 13. Bf1 c4 14. g3 f5 15.
Bg5 h6 16. Bxe7 Nxe7 17. Qb1 Nc6 18. h4 Rdg8 19. Qc1 Be8 20. Kh2 Bh5 21. Bg2
Qa5 22. Qe3 Qd8 23. Rh1 g5 24. Kg1 f4 25. gxf4 gxf4 26. Qe2 Qa5 27. Kh2 Qxc3
28. Rhd1 Rxg2+ 29. Kxg2 Bxf3+ 0-1

[Event "Foxwoods Open"]
[Site "Ledyard, CT"]
[Date "2009.04.12"]
[Round "8"]
[White "Van Wely, Loek"]
[Black "Ivanov, Alexander"]
[Result "1-0"]
[WhiteElo "2730"]
[BlackElo "2596"]
[PlyCount "161"]
[EventDate "2009.04.??"]
[EventRounds "9"]
[EventCountry "USA"]
[Source "MonRoi"]

1. Nf3 Nf6 2. c4 b6 3. g3 c5 4. Bg2 Bb7 5. O-O Nc6 6. e3 e6 7. b3 Be7 8. Bb2
O-O 9. d4 d5 10. Nbd2 cxd4 11. Nxd4 Rc8 12. Rc1 Nxd4 13. Bxd4 Qd7 14. Nf3 Ba3
15. Rc2 dxc4 16. Ne5 Qe7 17. Bxb7 Qxb7 18. Nxc4 Be7 19. Bxf6 gxf6 20. Qg4+ Kh8
21. Rfc1 Rfd8 22. h4 Rc5 23. Kh2 Rdc8 24. a4 b5 25. axb5 Qxb5 26. Rc3 Rd8 27.
Qe2 Qb4 28. Qb2 Rcd5 29. Qc2 Qb7 30. Qe4 Bb4 31. R3c2 Rb5 32. Qg4 Be7 33. Ra1
Rc5 34. b4 Rcc8 35. b5 Qxb5 36. Rxa7 Qc5 37. Rb7 Rb8 38. Ne5 Qxe5 39. Rxe7 Rg8
40. Qf3 Rgf8 41. Rcc7 Qf5 42. Qxf5 exf5 43. Rxf7 Rxf7 44. Rxf7 Rb6 45. h5 h6
46. Kg2 Kg8 47. Rd7 Rb5 48. Kf3 Ra5 49. Ke2 Ra2+ 50. Rd2 Ra5 51. Rc2 Rd5 52.
Rc7 Kh8 53. Rc4 Kg7 54. Rd4 Ra5 55. Kd3 Kf7 56. Ke2 Rb5 57. Rd7+ Kg8 58. Rc7
Rb2+ 59. Ke1 Rb1+ 60. Kd2 Rh1 61. Rc5 Rxh5 62. g4 Rh2 63. Rxf5 Kg7 64. Kd3 Rg2
65. f3 Ra2 66. Rb5 Ra7 67. f4 Kg6 68. Ke4 Ra4+ 69. Kf3 Ra7 70. Rb6 Rc7 71. Rd6
Ra7 72. Ke4 Re7+ 73. Kd4 Kg7 74. e4 Ra7 75. Kd5 Kf7 76. e5 fxe5 77. fxe5 Ra4
78. Rxh6 Rxg4 79. Rh7+ Kg6 80. Ra7 Rb4 81. e6 1-0

[Event "Foxwoods Open"]
[Site "Ledyard, CT"]
[Date "2009.04.12"]
[Round "8"]
[White "Vaughan, John"]
[Black "Kudryavtsev, Vadim"]
[Result "0-1"]
[WhiteElo "1899"]
[BlackElo "2196"]
[PlyCount "42"]
[EventDate "2009.04.??"]
[EventRounds "9"]
[EventCountry "USA"]
[Source "MonRoi"]

1. c4 Nf6 2. g3 g6 3. Bg2 Bg7 4. Nc3 O-O 5. e4 c5 6. Nge2 Nc6 7. O-O d6 8. d3
Ne8 9. Be3 Nc7 10. f4 Ne6 11. f5 Ned4 12. g4 Rb8 13. Ng3 b5 14. Qd2 bxc4 15.
dxc4 Ne5 16. b3 Nxg4 17. Bf4 e5 18. fxe6 Nxe6 19. Qxd6 Nxf4 20. Qxb8 Bd4+ 21.
Kh1 Qh4 0-1

[Event "Foxwoods Open"]
[Site "Ledyard, CT"]
[Date "2009.04.12"]
[Round "8"]
[White "Wheeler, Harry"]
[Black "Cardona, Liulia"]
[Result "1-0"]
[WhiteElo "2113"]
[BlackElo "2181"]
[PlyCount "119"]
[EventDate "2009.04.??"]
[EventRounds "9"]
[EventCountry "USA"]
[Source "MonRoi"]

1. e4 e5 2. Nf3 d6 3. d4 Bg4 4. dxe5 Nd7 5. Nc3 dxe5 6. Bc4 Ngf6 7. O-O c6 8.
Qe2 Be7 9. Nd1 b5 10. Bb3 O-O 11. Ne3 Bxf3 12. Qxf3 Nc5 13. Nf5 g6 14. Nxe7+
Qxe7 15. Bg5 Kg7 16. Qe3 Rfe8 17. f3 Ne6 18. Bh6+ Kh8 19. Bxe6 Qxe6 20. b3 Ng8
21. Bg5 f6 22. Bh4 g5 23. Bf2 a6 24. Rfd1 c5 25. Qxc5 Rec8 26. Qd5 Qe7 27. Rac1
Qa3 28. c4 bxc4 29. bxc4 Qxa2 30. Qf7 Rf8 31. Qd5 Rac8 32. c5 Qa4 33. Qb7 Rb8
34. Qd7 Qa2 35. Qa7 Ra8 36. Qd7 Nh6 37. Rb1 Rac8 38. Rb7 Nf7 39. Qf5 Rc6 40. h4
a5 41. h5 Qc4 42. g3 Qa6 43. Rdd7 Kg8 44. h6 a4 45. Ra7 Qc4 46. Rd6 Rxd6 47.
cxd6 Rb8 48. Qxf6 Rb1+ 49. Kh2 Rh1+ 50. Kxh1 Qf1+ 51. Kh2 Qxf2+ 52. Kh3 g4+ 53.
Kh4 Qh2+ 54. Kxg4 Nxh6+ 55. Kg5 Qxg3+ 56. Kxh6 Qh3+ 57. Kg5 h6+ 58. Kg6 Qg3+
59. Kxh6 Qh3+ 60. Kg6 1-0

[Event "Foxwoods Open"]
[Site "Ledyard, CT"]
[Date "2009.04.12"]
[Round "8"]
[White "Zenyuk, Iryna"]
[Black "Sarkar, Justin"]
[Result "0-1"]
[WhiteElo "2315"]
[BlackElo "2452"]
[PlyCount "82"]
[EventDate "2009.04.??"]
[EventRounds "9"]
[EventCountry "USA"]
[Source "MonRoi"]

1. d4 Nf6 2. Nf3 g6 3. c4 Bg7 4. Nc3 d5 5. cxd5 Nxd5 6. e4 Nxc3 7. bxc3 c5 8.
Rb1 O-O 9. Be2 cxd4 10. cxd4 Qa5+ 11. Bd2 Qxa2 12. O-O b6 13. Qc1 Qe6 14. Re1
Ba6 15. Bxa6 Nxa6 16. Qa3 Nc7 17. d5 Qd7 18. Red1 Rfd8 19. Bb4 e6 20. d6 Nb5
21. Qd3 Rac8 22. e5 f6 23. h4 fxe5 24. h5 Nd4 25. Ng5 a5 26. Ba3 Rc3 27. Qe4
Rxa3 28. hxg6 h6 29. Nf7 Rb8 30. Rdc1 Qb7 31. Qxb7 Rxb7 32. Rc8+ Bf8 33. Rxb6
Rxb6 34. d7 Ne2+ 35. Kf1 Rd3 36. Nxe5 Rd5 37. d8=Q Rxd8 38. Rxd8 Nf4 39. f3
Rb1+ 40. Kf2 Kg7 41. Kg3 Nh5+ 0-1

[Event "Foxwoods Open"]
[Site "Ledyard, CT"]
[Date "2009.04.12"]
[Round "9"]
[White "Lenderman, Alex"]
[Black "Sadvakasov, Darmen"]
[Result "0-1"]
[WhiteElo "2603"]
[BlackElo "2611"]
[PlyCount "152"]
[EventDate "2009.04.??"]
[EventRounds "9"]
[EventCountry "USA"]
[Source "MonRoi"]

1. d4 d5 2. c4 c6 3. Nf3 Nf6 4. cxd5 cxd5 5. Nc3 Nc6 6. Bf4 a6 7. e3 Bg4 8. Be2
e6 9. O-O Be7 10. Ne5 Bxe2 11. Qxe2 Rc8 12. Rfc1 O-O 13. Na4 Nxe5 14. Bxe5 Nd7
15. Rxc8 Qxc8 16. Bg3 Qc6 17. Qd1 Rc8 18. Nc3 Qb6 19. Rb1 Qa5 20. Rc1 Rc4 21.
f3 Bb4 22. Be1 b5 23. a3 Bxc3 24. Rxc3 Qc7 25. Qc1 Rxc3 26. Qxc3 Qxc3 27. Bxc3
Nb8 28. Kf2 Nc6 29. e4 f6 30. Ke3 Kf7 31. g4 Kg6 32. h4 h5 33. exd5 exd5 34.
Kf4 hxg4 35. fxg4 Kf7 36. g5 g6 37. gxf6 Kxf6 38. Kg4 a5 39. Be1 a4 40. Kf4 Nd8
41. Kg4 Nf7 42. Bd2 Nd6 43. Be3 Nc4 44. Bc1 Na5 45. Bd2 Nb3 46. Be3 Na1 47. Bd2
Nc2 48. Kf4 Ke6 49. Bc3 Na1 50. Bd2 Nb3 51. Be3 Na5 52. Bd2 Nc4 53. Bc1 Nd6 54.
Be3 Kf7 55. Bd2 Kf6 56. Be3 Nf5 57. Bf2 Ng7 58. Kg4 Ne6 59. Be3 Ke7 60. Kf3 Kd7
61. Ke2 Ke7 62. Kf3 Kd6 63. Ke2 Kd7 64. Kf3 b4 65. Ke2 b3 66. Kd3 Nd8 67. Bg5
Nc6 68. Kc3 Ke6 69. Bh6 Kf5 70. Bg7 Ke4 71. Bf6 Ke3 72. Bg7 Ke2 73. Bh6 Ne7 74.
Kb4 Kd3 75. Bg5 Kc2 76. Bxe7 Kxb2 0-1

[Event "Foxwoods Open"]
[Site "Ledyard, CT"]
[Date "2009.04.12"]
[Round "9"]
[White "Santarius, Erik F"]
[Black "Shvartsman, Andrew"]
[Result "1-0"]
[WhiteElo "2286"]
[BlackElo "2145"]
[PlyCount "67"]
[EventDate "2009.04.??"]
[EventRounds "9"]
[EventCountry "USA"]
[Source "MonRoi"]

1. e4 e6 2. d4 d5 3. exd5 exd5 4. Nf3 Bd6 5. Bd3 Ne7 6. O-O O-O 7. Re1 Bf5 8.
Bg5 f6 9. Bh4 Bxd3 10. Qxd3 c6 11. Nbd2 Ng6 12. Bg3 Na6 13. Nf1 Nc7 14. Ne3 Ne8
15. Re2 Nf4 16. Bxf4 Bxf4 17. Rae1 g6 18. Ng4 Kh8 19. g3 Bd6 20. h4 Qd7 21. Ne3
b5 22. h5 Kg7 23. Kg2 Nc7 24. hxg6 hxg6 25. Nh4 f5 26. g4 Rh8 27. Nexf5+ gxf5
28. Qxf5 Rad8 29. Qg5+ Kf7 30. Re3 Ne6 31. Rxe6 Qxe6 32. Rxe6 Kxe6 33. Qf5+ Ke7
34. Ng6+ 1-0

[Event "Foxwoods Open"]
[Site "Ledyard, CT"]
[Date "2009.04.12"]
[Round "9"]
[White "Shankland, Samuel"]
[Black "Shabalov, Alexander"]
[Result "0-1"]
[WhiteElo "2477"]
[BlackElo "2625"]
[PlyCount "74"]
[EventDate "2009.04.??"]
[EventRounds "9"]
[EventCountry "USA"]
[Source "MonRoi"]

1. e4 c5 2. Nf3 Nc6 3. d4 cxd4 4. Nxd4 Nf6 5. Nc3 e5 6. Ndb5 d6 7. Bg5 a6 8.
Na3 b5 9. Nd5 Be7 10. Bxf6 Bxf6 11. c4 b4 12. Nc2 O-O 13. Be2 a5 14. Qd3 Bg5
15. O-O Bb7 16. Rfd1 Ne7 17. Nxe7+ Qxe7 18. a3 b3 19. Ne3 Bxe3 20. Qxe3 a4 21.
Rd2 Qc7 22. Rad1 Rfd8 23. f3 Ra5 24. Qc3 Kf8 25. Qb4 Ke7 26. Kf1 Ra6 27. Rd3 f6
28. c5 dxc5 29. Rc1 Qb6 30. Rxc5 Qxb4 31. Rc7+ Ke8 32. axb4 a3 33. bxa3 Rxa3
34. Rd1 Rxd1+ 35. Bxd1 b2 36. Bc2 Ra1+ 37. Ke2 Rc1 0-1

[Event "Foxwoods Open"]
[Site "Ledyard, CT"]
[Date "2009.04.12"]
[Round "9"]
[White "Van Wely, Loek"]
[Black "Sammour Hasbun, Jorge E"]
[Result "1-0"]
[WhiteElo "2730"]
[BlackElo "2611"]
[PlyCount "136"]
[EventDate "2009.04.??"]
[EventRounds "9"]
[EventCountry "USA"]
[Source "MonRoi"]

1. d4 d5 2. c4 c6 3. Nf3 Nf6 4. e3 a6 5. Nc3 b5 6. c5 Nbd7 7. b4 g6 8. a4 Rb8
9. Bb2 Bg7 10. Bd3 O-O 11. h3 Qc7 12. O-O Nh5 13. Ra2 f5 14. Ne2 Ndf6 15. Ne5
Nd7 16. Nf3 Ndf6 17. Qc1 Bh6 18. Ne5 Nd7 19. Re1 Bg7 20. Nf3 Bh6 21. g3 Ndf6
22. Kg2 Ne4 23. Qc2 Ng5 24. Ne5 Nf7 25. Qc1 Bg7 26. Qa1 Nd8 27. axb5 axb5 28.
Ra7 Bb7 29. Qa5 Qc8 30. Rh1 Bxe5 31. dxe5 Ne6 32. Qa2 Nhg7 33. f3 Qc7 34. Qb3
Ra8 35. Rha1 Rxa7 36. Rxa7 Ra8 37. Rxa8+ Bxa8 38. Qa2 Bb7 39. Nc1 Bc8 40. Nb3
Kf8 41. Qa8 Nd8 42. Qa5 Qd7 43. Kf2 Kf7 44. Bd4 Ne8 45. Qb6 Nc7 46. Ke2 Na8 47.
Qa5 Nc7 48. Bc3 Nce6 49. Qb6 Ng5 50. h4 Nge6 51. Bd4 Nc7 52. Kd2 Na8 53. Qa5
Nc7 54. Kc3 Nce6 55. h5 Ng5 56. hxg6+ hxg6 57. Be2 Nde6 58. Qb6 Nd8 59. Na5
Nge6 60. f4 Nc7 61. Nb3 Nce6 62. Kd2 Qe8 63. Qb8 Bd7 64. Qa7 Bc8 65. Qa1 Qh8
66. Qg1 Qh3 67. Ke1 Ng7 68. Kf2 Nde6 1-0

[Event "Foxwoods Open"]
[Site "Ledyard, CT"]
[Date "2009.04.12"]
[Round "9"]
[White "Weeramantry, Sunil"]
[Black "Pamatmat, Jarod"]
[Result "1-0"]
[WhiteElo "2235"]
[BlackElo "2165"]
[PlyCount "35"]
[EventDate "2009.04.??"]
[EventRounds "9"]
[EventCountry "USA"]
[Source "MonRoi"]

1. e4 e6 2. d4 d5 3. Nc3 Nf6 4. Bg5 Be7 5. e5 Nfd7 6. h4 c5 7. Nb5 f6 8. Bd3
fxg5 9. Qh5+ Kf8 10. hxg5 Qa5+ 11. c3 c4 12. Rh3 cxd3 13. Rf3+ Bf6 14. gxf6 g6
15. Qh6+ Ke8 16. Qg7 Nc6 17. f7+ Kd8 18. Qxh8+ 1-0

[Event "Foxwoods Open"]
[Site "Ledyard, CT"]
[Date "2009.04.12"]
[Round "9"]
[White "Yermolinsky, Alex"]
[Black "Vigorito, David"]
[Result "1/2-1/2"]
[WhiteElo "2582"]
[BlackElo "2453"]
[PlyCount "67"]
[EventDate "2009.04.??"]
[EventRounds "9"]
[EventCountry "USA"]
[Source "MonRoi"]

1. d4 d5 2. c4 c6 3. Nf3 Nf6 4. e3 Bf5 5. Nc3 e6 6. Nh4 Bg6 7. Nxg6 hxg6 8. a3
Nbd7 9. g3 dxc4 10. Bxc4 Bd6 11. O-O O-O 12. Ba2 Qe7 13. Qc2 Rfd8 14. Bd2 Rac8
15. b4 Nd5 16. Ne4 Bb8 17. f4 b6 18. Rac1 c5 19. Rfe1 Rc7 20. bxc5 Rdc8 21. c6
N7f6 22. Nxf6+ Nxf6 23. Qa4 Qe8 24. Bb1 Rxc6 25. Bd3 Rxc1 26. Qxe8+ Nxe8 27.
Rxc1 Rxc1+ 28. Bxc1 f5 29. Kg2 Bd6 30. Kf3 Nc7 31. a4 Bb4 32. g4 Kf7 33. e4 Bc3
34. gxf5 1/2-1/2